Normal view
MARC view
Entry Personal Name
001 - CONTROL NUMBER
- control field: 780268
003 - CONTROL NUMBER IDENTIFIER
- control field: OSt
005 - DATE AND TIME OF LATEST TRANSACTION
- control field: 20250508165237.0
008 - FIXED-LENGTH DATA ELEMENTS
- fixed length control field: 250508|| aca||aabn | a|a d
040 ## - CATALOGING SOURCE
- Original cataloging agency: OSt
- Transcribing agency: OSt
100 ## - HEADING--PERSONAL NAME
- Personal name: Brue Alan W
670 ## - SOURCE DATA FOUND
- Source citation: Work cat.: (OSt)1394017: Wilmshurst Linda, Complete guide to special education: Proven advice on evaluations, IEPs and helping kids succeed, 2010
